[Event "XXIV Coppa Autunno"]
[Site "Ivrea ITA"]
[Date "2013.10.24"]
[Round "3"]
[White "Bellotti, Giuseppe"]
[Black "Chiarotto, Filippo"]
[WhiteElo "1744"]
[BlackElo "2084"]
[Result "0-1"]
[PlyCount "74"]
[EventDate "2013.10.10"]

1. e4 c5 2. Nf3 a6 3. c3 e6 4. d4 cxd4 5. cxd4 d5 6. e5 Bd7 7. b3 Nc6 8. Be2
Bb4+ 9. Kf1 Nge7 10. Bb2 Nf5 11. Nc3 O-O 12. Rc1 Rc8 13. Na4 f6 14. g3 fxe5 15.
dxe5 Nce7 16. Kg2 Bxa4 17. bxa4 Nc6 18. a3 Be7 19. Qb3 Qd7 20. Rhd1 Na5 21. Qb6
Rxc1 22. Rxc1 Bd8 23. Qb4 Nc6 24. Qb3 Qf7 25. Rf1 g5 26. h3 h6 27. Nh2 Ncd4 28.
Qd3 Nxe2 29. Qxe2 h5 30. Nf3 Kg7 31. Bc1 Qg6 32. Qd2 g4 33. hxg4 hxg4 34. Nd4
Rh8 35. Rh1 Nxd4 36. Qxd4 Bb6 37. Qxb6 Qe4+ 0-1

[Event "XXIV Coppa Autunno"]
[Site "Ivrea ITA"]
[Date "2013.10.24"]
[Round "3"]
[White "Bogatto, Mario"]
[Black "Giachino, Adriano"]
[WhiteElo "1423"]
[BlackElo "1605"]
[Result "1-0"]
[PlyCount "99"]
[EventDate "2013.10.10"]

1. e4 c5 2. Ne2 d5 3. exd5 Qxd5 4. Nbc3 Qd8 5. d4 Nc6 6. d5 Nb4 7. a3 Na6 8.
Ng3 Nf6 9. Bxa6 bxa6 10. O-O g6 11. h3 Bg7 12. Be3 Qc7 13. Qd2 h6 14. Rfd1 Bb7
15. d6 exd6 16. Qxd6 Qxd6 17. Rxd6 O-O 18. Rad1 Rac8 19. Na4 c4 20. Nc5 Ne8 21.
Rd8 Rxd8 22. Rxd8 Bc6 23. Nxa6 Bf6 24. Rb8 Be5 25. Rb4 Nd6 26. f4 Bf6 27. c3
Re8 28. Rb8 Bd8 29. Bd4 Nb7 30. Be5 f6 31. Bc7 Kf7 32. Bxd8 Nxd8 33. Kf2 Ke7
34. Nb4 Bb7 35. a4 Kd7 36. a5 Kc7 37. Rxb7+ Nxb7 38. Nd5+ Kd6 39. Nxf6 Re6 40.
Nfe4+ Kd5 41. Nd2 Nxa5 42. Ngf1 Rb6 43. Ne3+ Kc5 44. Nd1 Nc6 45. g3 a5 46. g4
a4 47. h4 Ne7 48. h5 gxh5 49. gxh5 Rf6 50. Ne4+ 1-0

[Event "XXIV Coppa Autunno"]
[Site "Ivrea ITA"]
[Date "2013.10.22"]
[Round "3"]
[White "Gennaro, Isabella"]
[Black "Castaldo, Antonio"]
[WhiteElo "1734"]
[BlackElo "1557"]
[Result "0-1"]
[PlyCount "86"]
[EventDate "2013.10.10"]

1. e4 d6 2. d4 Nf6 3. Nc3 g6 4. Bg5 Bg7 5. f4 O-O 6. Nf3 Nbd7 7. e5 dxe5 8.
dxe5 Ne8 9. Nd5 f6 10. Bc4 Kh8 11. Bh4 c6 12. Nc3 Qc7 13. Qe2 b5 14. Bb3 Nc5
15. O-O b4 16. Nd1 Ba6 17. Bc4 Qb6 18. Bf2 Qa5 19. Kh1 Bxc4 20. Qxc4 Qa6 21.
Ne3 Qxc4 22. Nxc4 Ne4 23. Bg1 Nc7 24. Na5 c5 25. a3 bxa3 26. Rxa3 fxe5 27. Re3
Rxf4 28. g3 Rg4 29. Nc6 Nd5 30. Re2 a6 31. Ncxe5 Nxg3+ 32. hxg3 Rxg3 33. Nf7+
Kg8 34. N3e5 Rf8 35. Ref2 Ne3 36. Nd7 Rh3+ 37. Bh2 Nxf1 38. Nxf8 Rxh2+ 39. Rxh2
Nxh2 40. Ne6 Kxf7 41. Ng5+ Kf6 42. Nxh7+ Kf5 43. Kxh2 Bxb2 0-1

[Event "XXIV Coppa Autunno"]
[Site "Ivrea ITA"]
[Date "2013.10.24"]
[Round "3"]
[White "Paonessa, Denis"]
[Black "Bonardo, Davide"]
[WhiteElo "1841"]
[BlackElo "1694"]
[Result "1/2-1/2"]
[PlyCount "55"]
[EventDate "2013.10.10"]

1. e4 c6 2. Nc3 d5 3. Nf3 Bg4 4. d4 dxe4 5. Nxe4 Bxf3 6. Qxf3 Qxd4 7. Be3 Qd8
8. Bc4 Nf6 9. O-O Nbd7 10. Rfe1 Ne5 11. Nxf6+ gxf6 12. Qe4 Nxc4 13. Qxc4 Qd5
14. Qg4 f5 15. Qg3 O-O-O 16. Bxa7 Rd6 17. c3 f6 18. f3 e5 19. Qf2 Rd7 20. Qe2
Bc5+ 21. Bxc5 Qxc5+ 22. Kf1 Rhd8 23. Rad1 Rxd1 24. Rxd1 Rxd1+ 25. Qxd1 Qc4+ 26.
Ke1 Qxa2 27. Qc2 Qe6 28. Kf2 1/2-1/2

[Event "XXIV Coppa Autunno"]
[Site "Ivrea ITA"]
[Date "2013.10.29"]
[Round "4"]
[White "Bonardo, Davide"]
[Black "Gennaro, Isabella"]
[WhiteElo "1694"]
[BlackElo "1734"]
[Result "0-1"]
[PlyCount "54"]
[EventDate "2013.10.10"]

1. e4 c5 2. Nc3 Nc6 3. g3 e6 4. Bg2 Nf6 5. d3 d5 6. h3 d4 7. Nce2 e5 8. f4 Bd6
9. Nf3 Nh5 10. fxe5 Nxe5 11. O-O Qc7 12. Nxe5 Bxe5 13. g4 Ng3 14. Nxg3 Bxg3 15.
Qf3 Be5 16. Bf4 Be6 17. Bxe5 Qxe5 18. Qf4 f6 19. Qxe5 fxe5 20. b3 Ke7 21. Bf3
b5 22. Be2 h5 23. Rf2 hxg4 24. Bxg4 Bxg4 25. hxg4 Rh4 26. Rg2 Rah8 27. Rf1 Rh1+
0-1

[Event "XXIV Coppa Autunno"]
[Site "Ivrea ITA"]
[Date "2013.10.29"]
[Round "4"]
[White "Calzolari, Marco"]
[Black "Paonessa, Denis"]
[WhiteElo "1751"]
[BlackElo "1841"]
[Result "1/2-1/2"]
[PlyCount "77"]
[EventDate "2013.10.10"]

1. d4 Nf6 2. c4 c5 3. d5 e6 4. Nc3 exd5 5. cxd5 d6 6. e4 g6 7. Nf3 Bg7 8. h3
O-O 9. Bd3 a6 10. a4 Nbd7 11. Bf4 Qe7 12. O-O Re8 13. Qc2 Nh5 14. Bh2 Bh6 15.
Rfe1 Nf4 16. Be2 Ne5 17. Nxe5 Qxe5 18. Bf1 Bd7 19. Ne2 Qxe4 20. Qxe4 Rxe4 21.
Nxf4 Rxf4 22. Bxf4 Bxf4 23. Re7 Rd8 24. Ree1 Be5 25. Ra2 Re8 26. g3 h5 27. Kg2
Kf8 28. Bd3 Rc8 29. b3 f5 30. f4 Bc3 31. Ree2 Be8 32. Rec2 Bd4 33. Be2 Bf7 34.
Bf3 Re8 35. Re2 Rxe2+ 36. Rxe2 b5 37. axb5 axb5 38. Rc2 Ke7 39. h4 1/2-1/2

[Event "XXIV Coppa Autunno"]
[Site "Ivrea ITA"]
[Date "2013.10.29"]
[Round "4"]
[White "Castaldo, Antonio"]
[Black "Grosso, Giacomo"]
[WhiteElo "1557"]
[BlackElo "1282"]
[Result "1-0"]
[PlyCount "59"]
[EventDate "2013.10.10"]

1. Nf3 c5 2. g3 Nc6 3. Bg2 Nf6 4. d3 d5 5. O-O e6 6. Nc3 Be7 7. e4 O-O 8. Kh1
d4 9. Ne2 Nd7 10. Ne1 e5 11. f4 Qb6 12. b3 Qa6 13. fxe5 Ndxe5 14. Nf4 Bg5 15.
Nd5 Bxc1 16. Qxc1 Be6 17. Nc7 Qb6 18. Nxa8 Rxa8 19. h3 Qc7 20. Kh2 Qd7 21. Nf3
Nxf3+ 22. Rxf3 Ne5 23. Rf2 Rf8 24. Qd2 f5 25. Raf1 g6 26. g4 Rf7 27. gxf5 gxf5
28. exf5 Rxf5 29. Rxf5 Bxf5 30. Qg5+ 1-0

[Event "XXIV Coppa Autunno"]
[Site "Ivrea ITA"]
[Date "2013.10.26"]
[Round "4"]
[White "Chiarotto, Filippo"]
[Black "Pane, Gabriele"]
[WhiteElo "2084"]
[BlackElo "1645"]
[Result "1-0"]
[PlyCount "53"]
[EventDate "2013.10.10"]

1. e4 e6 2. d3 d5 3. Nd2 c5 4. g3 Nc6 5. Bg2 Nf6 6. Ngf3 b5 7. O-O Qb6 8. Re1
Be7 9. e5 Nd7 10. Nf1 h6 11. h4 a5 12. N1h2 c4 13. d4 b4 14. Bf4 Ba6 15. c3 Rb8
16. Rb1 Bb5 17. Qc2 a4 18. Qd2 Qa5 19. Rec1 a3 20. bxa3 Qxa3 21. Bf1 Nb6 22.
cxb4 Bxb4 23. Qe3 Ra8 24. Qxa3 Rxa3 25. Bd2 Ra4 26. Bxb4 Nxb4 27. a3 1-0

[Event "XXIV Coppa Autunno"]
[Site "Ivrea ITA"]
[Date "2013.10.29"]
[Round "4"]
[White "Ranieri, Fabrizio"]
[Black "Bosticardo, Tommaso"]
[WhiteElo "2277"]
[BlackElo "1926"]
[Result "1/2-1/2"]
[PlyCount "107"]
[EventDate "2013.10.10"]

1. e4 e5 2. Nf3 Nc6 3. d4 exd4 4. Nxd4 Nf6 5. Nxc6 bxc6 6. e5 Qe7 7. Qe2 Nd5 8.
c4 Ba6 9. Nd2 g6 10. b3 Bg7 11. Bb2 O-O 12. g3 f6 13. exf6 Qxe2+ 14. Bxe2 Bxf6
15. Bxf6 Nxf6 16. O-O Rae8 17. Rfe1 Ne4 18. Nxe4 Rxe4 19. Bf1 Rfe8 20. Rxe4
Rxe4 21. Rd1 Re7 22. f4 c5 23. Bg2 Bc8 24. Bh3 Kf8 25. Kf2 Ke8 26. Rd5 Kd8 27.
Bg4 d6 28. Bxc8 Kxc8 29. h4 Kd7 30. h5 Ke6 31. hxg6 hxg6 32. Kf3 Rf7 33. Kg4
Rf5 34. Rd2 Kf7 35. Rh2 Kg7 36. Kf3 Rf6 37. Ke4 c6 38. Rd2 Kf7 39. Kf3 g5 40.
Rh2 gxf4 41. gxf4 Ke6 42. Rh8 Rf7 43. Rh6+ Rf6 44. Rh8 Rf7 45. Rh5 d5 46. Ke3
Rf6 47. Rh8 Rf7 48. Kf3 Rf6 49. Rb8 Rf7 50. a4 Kd6 51. a5 Rh7 52. a6 dxc4 53.
bxc4 Rh3+ 54. Kg4 1/2-1/2

[Event "XXIV Coppa Autunno"]
[Site "Ivrea ITA"]
[Date "2013.10.31"]
[Round "4"]
[White "Razzano, Lorenzo"]
[Black "Bellafiore, Enzo"]
[WhiteElo "1967"]
[BlackElo "1767"]
[Result "0-1"]
[PlyCount "148"]
[EventDate "2013.10.10"]

1. e4 e6 2. Nf3 d5 3. Nc3 d4 4. Ne2 c5 5. b4 b6 6. bxc5 bxc5 7. c3 Nc6 8. cxd4
cxd4 9. Nexd4 Nxd4 10. Qa4+ Qd7 11. Qxd7+ Bxd7 12. Nxd4 Bc5 13. Nb3 Bb6 14. Ba6
Nf6 15. d3 O-O 16. Ba3 Rfe8 17. O-O Bc6 18. Rac1 Bd7 19. Nc5 Bc8 20. Bb5 Rd8
21. Rc2 Rb8 22. Bc4 Ne8 23. e5 Nc7 24. Ne4 Bd4 25. Bd6 Rb7 26. Rfc1 Bd7 27. Nc5
Bxc5 28. Bxc5 Ba4 29. Bb3 Bxb3 30. axb3 Rxb3 31. Bd6 Ne8 32. Kf1 Nxd6 33. exd6
Rxd3 34. Rc6 g6 35. Ra1 R8xd6 36. Rxd6 Rxd6 37. Rxa7 Kg7 38. Ke2 Kf6 39. h4 h5
40. g3 e5 41. Ke3 Ke6 42. f4 f6 43. Ra3 Kf5 44. fxe5 fxe5 45. Rb3 Rd4 46. Rb5
Re4+ 47. Kf3 Rc4 48. Ra5 Rc3+ 49. Kf2 Rd3 50. Rb5 Ke4 51. Rb6 Kf5 52. Rb5 Rd4
53. Kf3 Ke6 54. Rb6+ Rd6 55. Rb5 Rd5 56. Rb6+ Kf5 57. Rb4 Rd3+ 58. Kf2 e4 59.
Rb5+ Kg4 60. Rg5+ Kh3 61. Rxg6 Rf3+ 62. Ke2 Rxg3 63. Re6 Rg4 64. Ke3 Kxh4 65.
Re8 Kg3 66. Ra8 h4 67. Ra1 h3 68. Rg1+ Kh4 69. Rh1 Rg2 70. Ra1 h2 71. Ra8 Rg4
72. Kf2 e3+ 73. Kxe3 Kg3 74. Ra1 Rh4 0-1

[Event "XXIV Coppa Autunno"]
[Site "Ivrea ITA"]
[Date "2013.10.29"]
[Round "4"]
[White "Trovero, Leo"]
[Black "Bogatto, Mario"]
[WhiteElo "1716"]
[BlackElo "1423"]
[Result "1-0"]
[PlyCount "44"]
[EventDate "2013.10.10"]

1. e4 c5 2. Nf3 Nc6 3. d4 cxd4 4. Nxd4 Nf6 5. Nc3 e6 6. Be3 d6 7. Be2 a6 8. O-O
Be7 9. Qd2 Ne5 10. h3 O-O 11. f4 Ned7 12. Rad1 Nc5 13. Bf3 e5 14. Nf5 Bxf5 15.
exf5 e4 16. Bxc5 exf3 17. Bd4 fxg2 18. Qxg2 Kh8 19. Rfe1 Qd7 20. Ne4 Rg8 21.
Ng5 Bd8 22. Bc5 Ne8 1-0

[Event "XXIV Coppa Autunno"]
[Site "Ivrea ITA"]
[Date "2013.11.07"]
[Round "5"]
[White "Grosso, Giacomo"]
[Black "Calzolari, Marco"]
[WhiteElo "1282"]
[BlackElo "1751"]
[Result "0-1"]
[PlyCount "48"]
[EventDate "2013.10.10"]

1. d4 d5 2. c4 c6 3. cxd5 cxd5 4. Nc3 Nf6 5. Bf4 Nc6 6. e3 Qb6 7. Qb3 Qxb3 8.
axb3 Bd7 9. Bd3 Nb4 10. Bb1 e6 11. Nf3 Be7 12. O-O h6 13. Ne5 O-O 14. h3 Bc6
15. Nxc6 bxc6 16. Rc1 Rfc8 17. Na4 Nd7 18. Nc5 Nxc5 19. dxc5 Bf6 20. Rd1 Bxb2
21. Ra4 a5 22. Rd2 Bc3 23. Rd1 Na6 24. Bd3 Nxc5 0-1

[Event "XXIV Coppa Autunno"]
[Site "Ivrea ITA"]
[Date "2013.11.07"]
[Round "5"]
[White "Paonessa, Denis"]
[Black "Gennaro, Isabella"]
[WhiteElo "1841"]
[BlackElo "1734"]
[Result "0-1"]
[PlyCount "52"]
[EventDate "2013.10.10"]

1. d4 d5 2. c4 e6 3. Nc3 c5 4. cxd5 cxd4 5. Qxd4 Nc6 6. Qd1 exd5 7. Qxd5 Bd7 8.
Nf3 Nf6 9. Qd1 Bc5 10. e3 Qe7 11. Be2 O-O-O 12. O-O g5 13. b4 Bxb4 14. Bb2 Rhg8
15. Rc1 Kb8 16. Nd4 g4 17. Ncb5 a6 18. Nxc6+ Bxc6 19. Nd4 Bd5 20. Nf5 Qe4 21.
Nh4 g3 22. hxg3 Qxh4 23. gxh4 Rxg2+ 24. Kh1 Bd6 25. Bxf6 Rh2+ 26. Kg1 Rh1# 0-1

[Event "XXIV Coppa Autunno"]
[Site "Ivrea ITA"]
[Date "2013.11.15"]
[Round "6"]
[White "Bellotti, Giuseppe"]
[Black "Pane, Gabriele"]
[WhiteElo "1744"]
[BlackElo "1645"]
[Result "1-0"]
[PlyCount "99"]
[EventDate "2013.10.10"]

1. e4 e6 2. d4 d5 3. Nc3 Bb4 4. exd5 Bxc3+ 5. bxc3 Qxd5 6. Nf3 Nf6 7. Bd3 O-O
8. O-O b6 9. c4 Qd6 10. Bg5 Nbd7 11. Re1 Bb7 12. Bxf6 Nxf6 13. Ne5 Rfd8 14. c3
c5 15. Qe2 Nd7 16. Bxh7+ Kf8 17. Nxd7+ Rxd7 18. Be4 Bxe4 19. Qxe4 Rad8 20. Rac1
cxd4 21. cxd4 Qxd4 22. Qxd4 Rxd4 23. c5 b5 24. Kf1 Rc8 25. Re3 Rc4 26. Rxc4
bxc4 27. Ke2 Rxc5 28. Kd2 Ke7 29. Ra3 a5 30. Rf3 f6 31. Rg3 g5 32. Kc3 Kd6 33.
Rg4 Re5 34. Rd4+ Rd5 35. Kxc4 Ke5 36. Rxd5+ exd5+ 37. Kd3 f5 38. h3 a4 39. a3
d4 40. g3 f4 41. h4 fxg3 42. fxg3 Kf5 43. Kxd4 gxh4 44. gxh4 Kg4 45. Kc4 Kxh4
46. Kb4 Kg5 47. Kxa4 Kf6 48. Kb5 Ke7 49. Kb6 Kd8 50. Kb7 1-0

[Event "XXIV Coppa Autunno"]
[Site "Ivrea ITA"]
[Date "2013.11.15"]
[Round "6"]
[White "Bogatto, Mario"]
[Black "Bozza, Alberto"]
[WhiteElo "1423"]
[BlackElo "1549"]
[Result "1/2-1/2"]
[PlyCount "52"]
[EventDate "2013.10.10"]

1. e4 e5 2. Nf3 Nc6 3. Bb5 a6 4. Bxc6 dxc6 5. O-O Bg4 6. h3 Bh5 7. d3 Bd6 8.
Be3 Nf6 9. Nbd2 O-O 10. Qc1 h6 11. Nh2 Bg6 12. Nc4 b5 13. Na5 c5 14. Nb3 c4 15.
dxc4 Nxe4 16. cxb5 axb5 17. c3 Qe7 18. f3 Ng3 19. Rf2 Rfd8 20. Nf1 Nxf1 21.
Rxf1 c5 22. Nd2 Bd3 23. Re1 c4 24. Ne4 f5 25. Nxd6 Rxd6 26. Bc5 Rad8 1/2-1/2

[Event "XXIV Coppa Autunno"]
[Site "Ivrea ITA"]
[Date "2013.11.09"]
[Round "6"]
[White "Calzolari, Marco"]
[Black "Castaldo, Antonio"]
[WhiteElo "1751"]
[BlackElo "1557"]
[Result "1-0"]
[PlyCount "51"]
[EventDate "2013.10.10"]

1. d4 Nf6 2. c4 g6 3. Nc3 Bg7 4. e4 d6 5. f4 O-O 6. Nf3 Nbd7 7. Be2 c5 8. d5
Nb6 9. O-O e6 10. h3 exd5 11. cxd5 Qe7 12. Qc2 Re8 13. Nd2 Nfd7 14. Re1 Nf8 15.
Nc4 Bxc3 16. bxc3 Qxe4 17. Qxe4 Rxe4 18. Nxd6 Re7 19. Bd2 Nxd5 20. Bc4 Rxe1+
21. Rxe1 Nb6 22. Bxf7+ Kg7 23. Re7 Nbd7 24. Ne8+ Kh6 25. f5+ Kh5 26. Ng7+ 1-0

[Event "XXIV Coppa Autunno"]
[Site "Ivrea ITA"]
[Date "2013.11.14"]
[Round "6"]
[White "Gennaro, Isabella"]
[Black "Bosticardo, Tommaso"]
[WhiteElo "1734"]
[BlackElo "1926"]
[Result "1-0"]
[PlyCount "81"]
[EventDate "2013.10.10"]

1. e4 e5 2. Nf3 Nc6 3. d4 exd4 4. Nxd4 Nf6 5. Nxc6 bxc6 6. Qe2 Qe7 7. Nc3 d5 8.
Bf4 d4 9. Qc4 c5 10. Nb5 Qxe4+ 11. Qe2 Qxe2+ 12. Bxe2 Bd6 13. Bxd6 cxd6 14.
Nc7+ Kd8 15. Nxa8 Bb7 16. O-O-O Bxa8 17. f3 Nd5 18. Rhg1 Kc7 19. Bb5 Ne3 20.
Rd3 Kb6 21. Ba4 Bd5 22. b3 Bb7 23. b4 Bd5 24. c3 Bc4 25. Rd2 cxb4 26. cxb4 Rc8
27. Kb1 Nd5 28. Bd7 Rc7 29. Rxd4 Nc3+ 30. Kb2 Nd5 31. Rc1 Ne3 32. Rxd6+ Kb7 33.
b5 Be2 34. Bc6+ Kc8 35. Bd7+ Kb8 36. Rxc7 Kxc7 37. Rd4 Nxg2 38. Bc6 Kb6 39. a4
Ne1 40. Re4 Nd3+ 41. Kc3 1-0

[Event "XXIV Coppa Autunno"]
[Site "Ivrea ITA"]
[Date "2013.11.14"]
[Round "6"]
[White "Paonessa, Denis"]
[Black "Bellafiore, Enzo"]
[WhiteElo "1841"]
[BlackElo "1767"]
[Result "1/2-1/2"]
[PlyCount "70"]
[EventDate "2013.10.10"]

1. d4 d5 2. c4 e6 3. Nc3 Nf6 4. Bg5 c6 5. e3 Be7 6. Nf3 Nbd7 7. Rc1 O-O 8. Bd3
dxc4 9. Bxc4 Nb6 10. Bd3 Nbd5 11. O-O h6 12. Bh4 Nxc3 13. bxc3 Bd7 14. e4 Rc8
15. c4 Kh8 16. e5 Ng8 17. Bg3 Ba3 18. Rc3 Be7 19. Bb1 f5 20. exf6 Nxf6 21. Ne5
Be8 22. Rf3 Kg8 23. Qd3 Rf7 24. Nxf7 Bxf7 25. Be5 c5 26. Bxf6 Bxf6 27. Qh7+ Kf8
28. dxc5 Rxc5 29. Rd3 Qe8 30. Rfd1 Rxc4 31. Qh8+ Ke7 32. Qxe8+ Bxe8 33. Rb3 Rc7
34. Re1 Bc6 35. Rbe3 Bd5 1/2-1/2

[Event "XXIV Coppa Autunno"]
[Site "Ivrea ITA"]
[Date "2013.11.14"]
[Round "6"]
[White "Razzano, Lorenzo"]
[Black "Grosso, Giacomo"]
[WhiteElo "1967"]
[BlackElo "1282"]
[Result "1-0"]
[PlyCount "149"]
[EventDate "2013.10.10"]

1. e4 c5 2. Nf3 d6 3. d4 cxd4 4. Nxd4 Nf6 5. Nc3 a6 6. h3 e6 7. g4 Be7 8. Bg2
Nfd7 9. Qe2 O-O 10. Be3 b5 11. O-O-O Qa5 12. f4 b4 13. Nb3 Qc7 14. Nb1 a5 15.
Nd4 Ba6 16. Qf2 Nc6 17. g5 a4 18. h4 Rac8 19. Bf1 Bxf1 20. Rdxf1 Nxd4 21. Bxd4
b3 22. axb3 axb3 23. c3 e5 24. Be3 exf4 25. Qxf4 Ne5 26. Rd1 Ng6 27. Qf5 Rcd8
28. Qd5 Rc8 29. h5 Ne5 30. Rdg1 Qc4 31. Qxc4 Rxc4 32. Nd2 Nd3+ 33. Kb1 Rcc8 34.
Nxb3 Rb8 35. Kc2 Ne5 36. Nd4 Nc4 37. Bc1 Rb7 38. Nc6 Rc7 39. Nb4 Rb8 40. Nd5
Rcb7 41. b4 Nb6 42. Nxb6 Rxb6 43. Be3 Rc6 44. Kd3 Rbc8 45. Bd4 Kf8 46. g6 h6
47. gxf7 Kxf7 48. Rxg7+ Kf8 49. Rf1+ Ke8 50. Rg8+ Kd7 51. Rxc8 Rxc8 52. Rf7 Ke6
53. Rf3 Rg8 54. Be3 Bg5 55. Rf5 Bxe3 56. Kxe3 Rg3+ 57. Kd4 Rg1 58. b5 Rb1 59.
Kc4 Rh1 60. b6 Rb1 61. Rb5 Rxb5 62. Kxb5 Kd7 63. c4 Kc8 64. Kc6 Kb8 65. Kxd6
Kb7 66. c5 Kc8 67. e5 Kd8 68. b7 Ke8 69. e6 Kf8 70. b8=Q+ Kg7 71. Qb2+ Kg8 72.
c6 Kh7 73. c7 Kg8 74. c8=R+ Kh7 75. Rh8# 1-0

[Event "XXIV Coppa Autunno"]
[Site "Ivrea ITA"]
[Date "2013.11.21"]
[Round "7"]
[White "Bellotti, Giuseppe"]
[Black "Paonessa, Denis"]
[WhiteElo "1744"]
[BlackElo "1841"]
[Result "0-1"]
[PlyCount "47"]
[EventDate "2013.10.10"]

1. e4 e5 2. Nf3 Nc6 3. Bb5 a6 4. Ba4 Nf6 5. O-O Be7 6. Re1 b5 7. Bb3 O-O 8. h3
Bb7 9. c3 d5 10. exd5 Nxd5 11. Nxe5 Nxe5 12. Rxe5 Bf6 13. Bxd5 Bxd5 14. Re1 c5
15. d4 cxd4 16. cxd4 Rc8 17. Nc3 Bb7 18. Be3 b4 19. Ne2 Qd5 20. Nf4 Qe4 21. Qd3
Qe7 22. Rac1 g5 23. Nh5 Bh8 24. Bf4 0-1

[Event "XXIV Coppa Autunno"]
[Site "Ivrea ITA"]
[Date "2013.11.21"]
[Round "7"]
[White "Giachino, Adriano"]
[Black "Grosso, Giacomo"]
[WhiteElo "1605"]
[BlackElo "1282"]
[Result "0-1"]
[PlyCount "74"]
[EventDate "2013.10.10"]

1. e4 c5 2. Nf3 d6 3. d4 cxd4 4. Nxd4 Nf6 5. Nc3 a6 6. Be2 e5 7. Nb3 Be7 8. Bg5
O-O 9. Qd2 Nbd7 10. h4 b5 11. a3 Bb7 12. Qe3 Re8 13. Rh3 Qb6 14. Qg3 Kh8 15.
O-O-O Bxe4 16. f4 exf4 17. Bxf4 d5 18. Nd4 Bc5 19. Be3 Rec8 20. Bf3 Bxf3 21.
gxf3 Qc7 22. Bf4 Qb6 23. Rg1 g6 24. Be5 Bxd4 25. Nxd5 Qc5 26. Bxf6+ Bxf6 27.
Nc3 Bxc3 28. bxc3 Qxa3+ 29. Kd1 Qa1+ 30. Ke2 Qxc3 31. Rh2 Qxc2+ 32. Kf1 Qd3+
33. Kg2 Rc2+ 34. Kh3 Rxh2+ 35. Kxh2 b4 36. Qg4 b3 37. Rg2 Rb8 0-1

[Event "XXIV Coppa Autunno"]
[Site "Ivrea ITA"]
[Date "2013.11.21"]
[Round "7"]
[White "Ranieri, Fabrizio"]
[Black "Chiarotto, Filippo"]
[WhiteElo "2277"]
[BlackElo "2084"]
[Result "1/2-1/2"]
[PlyCount "66"]
[EventDate "2013.10.10"]

1. e4 c5 2. Nf3 a6 3. c3 e6 4. d4 d5 5. e5 Bd7 6. Bd3 cxd4 7. cxd4 Bb5 8. Bxb5+
axb5 9. O-O Nc6 10. a3 b4 11. Be3 Nge7 12. Nbd2 Nf5 13. Qb3 Be7 14. Qd3 O-O 15.
a4 Qb6 16. Nb3 Nxe3 17. Qxe3 Na5 18. Nxa5 Rxa5 19. Rfc1 Raa8 20. Ne1 Rfc8 21.
b3 Rc3 22. Rxc3 bxc3 23. Qxc3 Bb4 24. Qd3 Rc8 25. Nf3 Rc3 26. Qd1 Qa6 27. h3
Rd3 28. Qc1 Rxb3 29. Qc8+ Bf8 30. a5 Qd3 31. a6 Rb1+ 32. Rxb1 Qxb1+ 33. Kh2
bxa6 1/2-1/2

[Event "XXIV Coppa Autunno"]
[Site "Ivrea ITA"]
[Date "2013.12.05"]
[Round "9"]
[White "Bellafiore, Enzo"]
[Black "Gennaro, Isabella"]
[WhiteElo "1767"]
[BlackElo "1734"]
[Result "1/2-1/2"]
[PlyCount "72"]
[EventDate "2013.10.10"]

1. e4 c5 2. Nc3 Nc6 3. f4 e6 4. Nf3 d5 5. Bb5 a6 6. Bxc6+ bxc6 7. d3 Ne7 8. O-O
g6 9. Qe1 Bg7 10. e5 Nf5 11. Qf2 Qe7 12. b3 Qa7 13. Ba3 Bf8 14. g4 Ng7 15. d4
h5 16. g5 cxd4 17. Bxf8 Nf5 18. Ne2 Kxf8 19. Nexd4 Nxd4 20. Nxd4 Bd7 21. h4 c5
22. Ne2 Ke7 23. Nc3 Rhc8 24. Kh2 c4 25. Qxa7 Rxa7 26. b4 Bc6 27. Ne2 Bb5 28. c3
a5 29. Nd4 Bd7 30. b5 a4 31. Rfb1 Ra5 32. Rb4 Rb8 33. Rab1 Rb6 34. a3 Kd8 35.
Kg3 Ke7 36. Kf3 Kd8 1/2-1/2

[Event "XXIV Coppa Autunno"]
[Site "Ivrea ITA"]
[Date "2013.12.03"]
[Round "9"]
[White "Bonardo, Davide"]
[Black "Ranieri, Fabrizio"]
[WhiteElo "1694"]
[BlackElo "2277"]
[Result "0-1"]
[PlyCount "68"]
[EventDate "2013.10.10"]

1. e4 e6 2. d3 d5 3. Nd2 Nf6 4. g3 Be7 5. Bg2 c5 6. Ngf3 Nc6 7. O-O b6 8. Re1
Qc7 9. e5 Nd7 10. Qe2 g5 11. g4 h5 12. h3 hxg4 13. hxg4 Bb7 14. Nf1 O-O-O 15.
Nxg5 Nd4 16. Qd1 Bxg5 17. Bxg5 Rdg8 18. f4 Rh7 19. c3 Nc6 20. Ne3 Ncxe5 21.
fxe5 Rxg5 22. d4 f6 23. Qd2 Rhg7 24. exf6 Nxf6 25. Qf2 Nxg4 26. Qf8+ Qd8 27.
Qxd8+ Kxd8 28. Nxg4 Rxg4 29. Re2 cxd4 30. cxd4 Rxd4 31. Rae1 Rdg4 32. Kh1 Rxg2
33. Rxg2 d4 34. Reg1 d3 0-1

[Event "XXIV Coppa Autunno"]
[Site "Ivrea ITA"]
[Date "2013.12.05"]
[Round "9"]
[White "Bosticardo, Tommaso"]
[Black "Paonessa, Denis"]
[WhiteElo "1926"]
[BlackElo "1841"]
[Result "0-1"]
[PlyCount "54"]
[EventDate "2013.10.10"]

1. d4 Nf6 2. c4 c5 3. d5 e6 4. Nc3 exd5 5. cxd5 d6 6. e4 g6 7. Nge2 Bg7 8. Ng3
O-O 9. Be2 a6 10. a4 Nbd7 11. O-O Qc7 12. Bg5 c4 13. Qd4 Ne5 14. h3 Nfd7 15.
Qe3 Nc5 16. Rfd1 f5 17. exf5 Bxf5 18. Nxf5 Rxf5 19. Bg4 Nxg4 20. hxg4 Re5 21.
Qf4 Rf8 22. Qg3 Nd3 23. Be3 Qf7 24. Bd4 Ree8 25. Bxg7 Kxg7 26. Rd2 Qf6 27. Ne4
Rxe4 0-1

[Event "XXIV Coppa Autunno"]
[Site "Ivrea ITA"]
[Date "2013.12.05"]
[Round "9"]
[White "Chiarotto, Filippo"]
[Black "Calzolari, Marco"]
[WhiteElo "2084"]
[BlackElo "1751"]
[Result "1-0"]
[PlyCount "85"]
[EventDate "2013.10.10"]

1. e4 c6 2. Nf3 d5 3. Nc3 dxe4 4. Nxe4 Nd7 5. Bc4 e6 6. d4 Ngf6 7. Ng3 Nb6 8.
Bd3 c5 9. dxc5 Bxc5 10. O-O O-O 11. Bg5 Be7 12. Ne5 Nbd7 13. Nxd7 Bxd7 14. Qe2
Nd5 15. Bd2 Bg5 16. f4 Bf6 17. Qe4 g6 18. Rab1 Bc6 19. Qe1 Bg7 20. Ne4 Rc8 21.
a3 a6 22. Qe2 Qc7 23. c4 Nf6 24. Ng5 h6 25. Nf3 Rfe8 26. Ne5 Nd7 27. Bc3 Nxe5
28. fxe5 Qe7 29. Qf2 Rc7 30. h4 g5 31. Bb4 Qd8 32. Rbd1 Rd7 33. Bd6 Bf8 34. c5
Bxd6 35. cxd6 Rf8 36. Qg3 f6 37. hxg5 fxg5 38. Qh3 Kg7 39. Qxe6 Qe8 40. Qxe8
Rxe8 41. Rde1 Bd5 42. Rf6 Rf8 43. Rg6+ 1-0

[Event "XXIV Coppa Autunno"]
[Site "Ivrea ITA"]
[Date "2013.12.05"]
[Round "9"]
[White "Grosso, Giacomo"]
[Black "Pane, Gabriele"]
[WhiteElo "1282"]
[BlackElo "1645"]
[Result "0-1"]
[PlyCount "50"]
[EventDate "2013.10.10"]

1. d4 Nf6 2. c4 e6 3. Nc3 Bb4 4. Qc2 c5 5. dxc5 Nc6 6. Nf3 Bxc5 7. Bg5 O-O 8.
e4 d6 9. Bd3 Nb4 10. Qd2 Nxd3+ 11. Qxd3 Qb6 12. Qd2 Ng4 13. O-O f6 14. Bh4 Bd7
15. h3 Nh6 16. a3 Qb3 17. Qe2 a6 18. Rfd1 Bc6 19. Bg3 Nf7 20. Rab1 a5 21. Nd2
Qb6 22. Nf3 a4 23. Kh1 Rfd8 24. Nb5 Bxb5 25. cxb5 Ra5 0-1